00917nam a22002778a 45000010008000000030009000080050017000170080041000340200018000750400028000930410008001210430012001290820023001411000028001642450076001922500039002682600054003073000028003615340042003896500037004316500028004686500033004966500029005297000040005587000041005981475000CO-ViMGA20230915233610.0160802s2015 ck a jr 0001j spa d a9789583047596 aCO-ViMGAbspacCO-ViMGA1 hfre ae-fr---04a843.91 bC65f 2191 aColin, Fabrice, d1972-13aEl fin del mundo / cFabrice Colin ; traducción Cristina Ramos Solis. aEdicin̤ Javier R. Mahecha Lp̤ez.3 aBogot,̀ D. C : bPanamericana Editorial, c2015. a207 pg̀inas ; c23 cm. pTt̕ulo original : tLa fin du monde.14aGuerra nuclearv Novela juvenil.14aHistorias de aventuras.14aNovela de ciencia ficcion̤.14aNovela juvenil francesa.1 aMahecha Lp̤ez, Javier R, eeditor.1 aRamos Solis, Cristina, etraductora.